banner-ar

الحمل: رحلة طبية مع الام والجنين / (Record no. 36140)

MARC details
000 -الفاتح
حقل البيانات ثابتة الطول 00646nam a2200217Ia 4500
008 - عناصر البيانات ثابتة الطول - معلومات عامة
حقل البيانات ثابتة الطول 140319s9999 xx 000 0 ara d
040 ## - مصدر الفهرسة
وكالة الفهرسة الأصلية GCL /
وكالة النسخ GCL
082 04 - رقم تصنيف ديوى العشرى
رقم التصنيف 618.24
رقم المادة ف ح
100 1# - المدخل الرئيسى - إسم شخصى
الإسم الشخصى فريدمان، رينية
245 10 - بيان العنوان
العنوان الحمل: رحلة طبية مع الام والجنين /
بيان المسئوليه,etc فريدمان، رينية
700 1# - المدخل الاضافى - اسم شخصى
الإسم الشخصى تايلور، وسالين
700 1# - المدخل الاضافى - اسم شخصى
الإسم الشخصى لطيف فرج (مترجم)
260 ## - PUBLICATION, DISTRIBUTION, ETC. (IMPRINT)
تاريخ النشر أو التوزيع 1993
300 ## - الوصف المادى
التعداد 160 ص
490 ## - بيان السلسلة
عنوان السلسلة
650 04 - المدخل الاضافى بالموضوع-مصطلح موضوعى
مصطلح موضوعي النساء
650 04 - المدخل الاضافى بالموضوع-مصطلح موضوعى
مصطلح موضوعي الحمل
650 04 - المدخل الاضافى بالموضوع-مصطلح موضوعى
مصطلح موضوعي الولادة
942 ## - عناصر المدخل الإضافي( كوها)
مصدر التصنيف او مخطط الترفيف Dewey Decimal Classification
Koha [default] item type كتاب
260 ## - PUBLICATION, DISTRIBUTION, ETC. (IMPRINT)
-- [S.N] :
-- دار المستقبل العربى ،
Holdings
حالة التراجع حالة الفقد حالة تلف ليس للاعارة المكان المؤقت الموقع الحالى تاريخ الاكتساب اجمالي اﻻعارات رقم الطلب الباركود تاريخ اخر مشاهدة تاريخ تفعيل السعر نوع وعاء كوها
        مكتبة القاهرة الكبرى مكتبة القاهرة الكبرى 03/26/2014   618.24\ف ح 87926 03/26/2014 03/26/2014 كتاب
        مكتبة القاهرة الكبرى مكتبة القاهرة الكبرى 03/26/2014   618.24\ف ح 87927 03/26/2014 03/26/2014 كتاب

Powered By

EGPV